Az önálló szlovák jegybankpolitikától az eurózóna monetáris politikájáig

Vysoká likvidita slovenských finančných inštitúcií. Problém nezamestnanosti a regionálnych rozdielov na Slovensku. Výroba, služby a investície sústredené najmä na hlavné mesto a západné časti Slovenska. Zaostávanie najmä východných regiónov. Vývoj výmenného kurzu medzi slovenskou korunou a eurom ako...

Full description

Saved in:
Bibliographic Details
Main Author: Nagy, Ladislav
Format: Book Chapter
Language:Hungarian
Subjects:
Tags: Add Tag
No Tags, Be the first to tag this record!

MARC

LEADER 00000nla a2200000 4500
001 0219513
005 20240502083546.1
041 0 |a hun 
044 |a HU 
245 1 0 |a Az önálló szlovák jegybankpolitikától az eurózóna monetáris politikájáig  |c Ladislav Nagy 
520 |a Vysoká likvidita slovenských finančných inštitúcií. Problém nezamestnanosti a regionálnych rozdielov na Slovensku. Výroba, služby a investície sústredené najmä na hlavné mesto a západné časti Slovenska. Zaostávanie najmä východných regiónov. Vývoj výmenného kurzu medzi slovenskou korunou a eurom ako aj slovenskou korunou a americkým dolárom (1999-2008). 
610 2 0 |a politika menová 
610 2 0 |a eurozóna 
610 2 0 |a banky centrálne 
610 2 0 |a kurz výmenný 
610 2 0 |a nezamestnanosť 
610 2 0 |a Slovensko 
100 1 |a Nagy, Ladislav